000
00310nam a22001337a 4500
008
170913b xxu||||| |||| 00| 0 eng d
020
_a
9781133954132
041
_a
eng
080
_2
9th
_a
53
100
_a
43
101
_a
FIZ
245
_a
PHYSICS FOR SCIENTISTS AND ENGINEERS
_c
SERWAY.R.A
942
_2
udc
_c
BK
999
_c
27398
_d
27398